Bilecik Bilecik Bilecik Bilecik Bilecik

Kerem ile Aslı hikayesi : (Record no. 28775)

MARC details
000 -BAŞLIK
Sabit Uzunluktaki Kontrol Alanı 01322nam a22003617a 4500
001 - KONTROL NUMARASI
Control Dosyası 0028853
003 - KONTROL NUMARASI KİMLİĞİ
Kontrol Alanı KOHA_MİRAKIL
005 - EN SON İŞLEM TARİHİ ve ZAMANI
Kontrol Alanı 20260207002643.0
007 - FİZİKSEL TANIM SABİT ALAN - GENEL BİLGİ
Sabit uzunluklu kontrol alanı ta
008 - SABİT UZUNLUKTAKİ VERİ ÖGELERİ - GENEL BİLGİ
Sabit Alan 110324b2001 tu |||gr||||#||||1|tur |
020 ## - ISBN - ULUSLARARASI STANDART KİTAP NUMARASI
Isbn 9751726220
040 ## - KATALOGLAMA KAYNAĞI
Özgün Kataloglama Kurumu TR-BiSEU
Kataloglama Dili tur
Çeviri Kurumu TR-BiSEU
Açıklama Kuralları rda
041 0# - DİL KODU
Metin ya da ses kaydının dil kodu tur
044 ## - YAYINLAYAN/ÜRETEN KURULUŞUN ÜLKE KODU
ISO country code tu
050 ## - SINIFLAMA ve YER NUMARASI
Sınıflama Numarası PL229
Yer Numarası .D89 2001
100 1# - KİŞİ ADI
Yazar Adı (Kişi adı) Duymaz, Ali.
245 1# - ESER ADI BİLDİRİMİ
Başlık Kerem ile Aslı hikayesi :
Alt Eseradı vb. üzerinde mukayeseli bir araştırma/
Sorumluluk Bildirimi Ali Duymaz ; Ali Duymaz.
264 #1 - ÜRERİM, YAYIN, DAĞITIM ve TELİF BİLDİRİMİ
Yayın yeri Ankara :
Yayınlayan Kültür Bakanlığı
Yayın tarihi 2001
300 ## - FİZİKSEL TANIMLAMA
Sayfa, Cilt vb. xii, 413 s. ;
Boyutları 25 cm.
336 ## - İÇERİK TÜRÜ
Content type term metin
Content type code txt
Source rdacontent
337 ## - MEDYA TÜRÜ
Media type term aracısız
Media type code n
Source rdamedia
338 ## - TAŞIYICI TÜRÜ
Carrier type term cilt
Carrier type code nc
Source rdacarrier
490 1# - DİZİ BİLDİRİMİ
Dizi Bildirimi Kültür Bakanlığı yayınları ;
Cilt Numarası 2567.
490 1# - DİZİ BİLDİRİMİ
Dizi Bildirimi Halk kültürlerini araştırma ve geliştirme Genel Müdürlüğü yayınları ;
Cilt Numarası 312.
490 1# - DİZİ BİLDİRİMİ
Dizi Bildirimi Halk edebiyatı dizisi ;
Cilt Numarası 62
500 ## - GENEL NOT
Genel Not Kaynakça var.
650 #0 - KONU BAŞLIĞI EK GİRİŞ - KONU TERİMİ
Konusal terim veya coğrafi ad Folk literature, Turkish--History and criticism.
9 (RLIN) 14094
650 #0 - KONU BAŞLIĞI EK GİRİŞ - KONU TERİMİ
Konusal terim veya coğrafi ad Halk edebiyatı, Türk--Tarih ve kritik.
9 (RLIN) 57140
830 1# - SERİ EK GİRİŞİ - TEKBİÇİM ESER ADI
Tekbiçim Başlık Kültür Bakanlığı yayınları ;
Volume number/sequential designation 2567.
9 (RLIN) 6658
830 1# - SERİ EK GİRİŞİ - TEKBİÇİM ESER ADI
Tekbiçim Başlık Halk kültürlerini araştırma ve geliştirme Genel Müdürlüğü yayınları ;
Volume number/sequential designation 312.
9 (RLIN) 57141
830 1# - SERİ EK GİRİŞİ - TEKBİÇİM ESER ADI
Tekbiçim Başlık Halk edebiyatı dizisi ;
Volume number/sequential designation 62
9 (RLIN) 12958
942 ## - EK GİRİŞ ÖGELERİ (KOHA)
Source of classification or shelving scheme Library of Congress Classification
Koha item type Book
Holdings
Materyal Türü Kalıcı Konum Mevcut Konum Raf Yeri Sınıflandırma Kaynağı Edinim Bilgisi Ana Konular Alt Konular Yer Numarası Demirbaş Numarası Fatura Tarihi Geri Çekilme Durumu Kayıp Durumu Hasarlı Durumu Kredi için değil Kayıt Tarih Toplam Ödünçverme Son Görülme Tarihi Son Kontrol Tarihi Genel / Bağış Notu
Book Prof. Dr. Azmi Özcan Kütüphanesi Prof. Dr. Azmi Özcan Kütüphanesi Birûni Salonu Library of Congress Classification Bağış DİL VE EDEBİYAT Doğu Asya, Afrika, Okyanusya Dilleri ve Edebiyatları PL229 .D89 2001 0028853 02/02/2026         24/03/2011   05/12/2024 05/12/2024 M.Şakir Dalka